Model business letters

Bibliographic Details
Main Authors: Gastside, L. (Author), Taylor, Shirley (Author)
Format: Book
Language:English
Published: London : Pittman Publ 1995
Edition:Fourth Edition
Subjects:

MARC

LEADER 00000cam a2200000 7i4500
001 0000000495
005 20240919.0
008 991124 enk eng
020 |a 0273037994 
040 |a INS   |b eng   |e rda 
090 0 0 |a HF5726   |b .T373 1995 
100 1 |a Gastside, L. ,   |e author 
245 0 0 |a Model business letters   |c L. Gartside   |f Revised by Shirley Taylor 
250 |a Fourth Edition 
264 1 |a London :   |b Pittman Publ   |c 1995 
300 |a xiii, 367 pages ;   |c 24 cm. 
336 |a text  |2 rdacontent 
337 |a unmediated  |2 rdamedia 
338 |a volume  |2 rdacarrier 
500 |a Includes index 
650 0 |a Business correspondence 
650 0 |a Commercial correspondence 
700 1 |a Taylor, Shirley ,   |e author 
999 |a 0000005959   |b BOOK   |c Open Shelf   |e Default branch